[Event "Titled Tuesday intern op 25th May"]
[Site "Chess.com INT"]
[Date "2021.05.25"]
[Round "5"]
[White "Provotorov, Ivan"]
[Black "Stalmach, Richard"]
[Result "0-1"]
[WhiteElo "2321"]
[BlackElo "2296"]
[PlyCount "84"]
[EventDate "2021.05.25"]
[EventType "swiss (blitz)"]
[EventRounds "11"]
[EventCountry "USA"]
[SourceTitle "CBM 203 Extra"]
[Source "ChessBase"]
[SourceDate "2021.09.30"]
[SourceVersion "1"]
[SourceVersionDate "2021.09.30"]
[SourceQuality "1"]

1. c4 g6 2. Nc3 Bg7 3. d4 c5 4. d5 Bxc3+ 5. bxc3 f5 6. e4 fxe4 7. h4 d6 8. h5 Qa5 9. Bd2 e3 10. fxe3 Bf5 11. e4 Bxe4 12. Qg4 Nf6 13. Qc8+ Qd8 14. Qxb7 Nbd7 15. Nf3 Rb8 16. Qc6 Bxf3 17. gxf3 0-0 18. hxg6 Ne5 19. Qa4 Nxf3+ 20. Kd1 Nxd2 21. gxh7+ Kh8 22. Kxd2 Ne4+ 23. Kc1 e5 24. Rg1 Qf6 25. Rg8+ Rxg8 26. hxg8Q+ Kxg8 27. Qd1 Qf4+ 28. Kc2 Nf2 29. Qe2 Qf5+ 30. Kc1 Ne4 31. Bg2 Qf4+ 32. Kc2 Ng3 33. Qd2 Qf5+ 34. Kc1 Nf1 35. Qd3 Qf4+ 36. Kc2 Ne3+ 37. Kd2 Nxg2+ 38. Ke2 Qg4+ 39. Kf2 Nf4 40. Qf3 Rb2+ 41. Ke3 Re2+ 42. Qxe2 Qxe2# 0-1

[Event "Titled Tuesday intern op 25th May"]
[Site "Chess.com INT"]
[Date "2021.05.25"]
[Round "7"]
[White "Spata, German"]
[Black "Provotorov, Ivan"]
[Result "1-0"]
[WhiteElo "2290"]
[BlackElo "2321"]
[PlyCount "117"]
[EventDate "2021.05.25"]
[EventType "swiss (blitz)"]
[EventRounds "11"]
[EventCountry "USA"]
[SourceTitle "CBM 203 Extra"]
[Source "ChessBase"]
[SourceDate "2021.09.30"]
[SourceVersion "1"]
[SourceVersionDate "2021.09.30"]
[SourceQuality "1"]

1. Nf3 Nf6 2. b3 g6 3. Bb2 Bg7 4. e3 0-0 5. Be2 c5 6. c4 b6 7. 0-0 Bb7 8. d4 cxd4 9. Nxd4 d5 10. Bf3 Nbd7 11. Nc3 Ne5 12. Nxd5 Nxf3+ 13. Nxf3 Nxd5 14. Bxg7 Kxg7 15. cxd5 Qxd5 16. Qxd5 Bxd5 17. Rfd1 Rfd8 18. Kf1 Rac8 19. Ke1 Bxf3 20. Rxd8 Rxd8 21. gxf3 Kf6 22. Rc1 Rd7 23. Ke2 Kg5 24. Rc4 f5 25. a4 e5 26. f4+ exf4 27. Rxf4 Kf6 28. Rc4 g5 29. Rc6+ Ke5 30. h3 g4 31. Rh6 Rg7 32. Rh5 gxh3 33. Rxh3 Kf6 34. Kf3 Rc7 35. Rh6+ Ke5 36. Rh5 Rd7 37. b4 Rc7 38. a5 bxa5 39. bxa5 Rc5 40. Rxh7 Rxa5 41. Re7+ Kf6 42. Rb7 Ra4 43. Rb8 a5 44. Ra8 Ke5 45. Ra7 Kd5 46. Ra8 Ke5 47. Rb8 f4 48. Re8+ Kd5 49. e4+ Kd6 50. Kxf4 Ra2 51. f3 a4 52. Ra8 a3 53. e5+ Ke6 54. Ra6+ Kd5 55. Kf5 Re2 56. f4 a2 57. Kf6 Re4 58. Kf5 Re2 59. Ra8 1-0